000 00748nam a22001817a 4500
999 _c57557
_d57557
005 20221105210640.0
008 200728s20182019enk||||| |||| 00| 0 eng d
020 _a9781730848933 1
041 _aeng
080 _a615.84+616.1 L-66
100 _aLionhart, Prometheus M.D.
_99073
245 _aCrack the Core Exam :
_bVolume 1 /
_cPrometheus Lionhart M.D.
264 _aSan Bernardino :
_bIndependently published,
_c2018-2019.
300 _a588 p.
_b30 cm.
653 _aგულმკერდის, გულის, რეპროდუქციული, სისხლძარღვთა და ინტერვენციული რენტგენოლოგია
653 _aმედიცინა
942 _2udc
_cBK